000 00756nam0a22002411 4500
001 v19\rc\1649009
005 20250619002517.0
035 _a(NLR Aleph) 004760691
090 _a4581491
_c4581491
100 _a20061002d1888 |||y0rusy50 ca
101 0 _arus
102 _aRU
105 _ay z |||||
200 1 _aТаблица рысаков, бежавших на всех ипподромах России в 1887 году
_fСост. Д. Иванов
210 _aСанкт-Петербург
_cСемен. типо-лит.
_d1888
215 _a32 с.
700 1 _aИванов
_bД.
_4220
801 0 _aRU
_bNLR
_gpsbo
801 0 _aRU
_bRuMoRGB
_2psbo
801 1 _aRU
_bProSoft-M
_2rusmarc
852 _aNLR
_j18.213.2.267
942 _cBOOK
980 _aNB